Countries with most Indians - Statistics

General Stats
  • This quiz has been taken 32 times
  • The average score is 10 of 15
Answer Stats
Population Country % Correct
4,460,000 United States
100%
1,764,000 United Kingdom
97%
660,350 Australia
90%
1,689,055 Canada
90%
3,425,144 United Arab Emirates
81%
2,594,947 Saudi Arabia
77%
746,550 Qatar
65%
1,560,000 South Africa
65%
1,029,861 Kuwait
58%
781,141 Oman
58%
2,987,950 Malaysia
55%
1,614,000 Sri Lanka
52%
2,009,207 Myanmar
39%
894,500 Mauritius
29%
800,000 Nigeria
13%
No matching quizzes found
Score Distribution
Percent of People with Each Score
Percentile by Number Answered
Your Score History
You have not taken this quiz